000 00288nam a22001337a 4500
008 180906b xxu||||| |||| 00| 0 eng d
020 _a9780842335126
041 _aeng
080 _a616.063
100 _a8
101 _aPED
245 _aBaby Child Care
_cDobsom.J
942 _2udc
_cBK
999 _c47591
_d47591